[Event "Graz Open A 2019"]
[Site "Graz AUT"]
[Date "2019.02.17"]
[Round "1.1"]
[White "Kryakvin, Dmitry"]
[Black "Ongut, Tamas Gunes"]
[Result "1-0"]
[WhiteTitle "GM"]
[BlackTitle "FM"]
[WhiteElo "2588"]
[BlackElo "2214"]
[WhiteFideId "4153278"]
[BlackFideId "770280"]
[EventDate "2019.02.17"]

1. d4 Nf6 2. Bg5 d5 3. e3 c5 4. c3 Nc6 5. Nd2 cxd4 6. exd4 h6 7. Bh4 Bf5 8. Ngf3
e6 9. Be2 Bd6 10. O-O O-O 11. Re1 Qc7 12. Bxf6 gxf6 13. Nf1 Ne7 14. Nh4 Bg6 15.
g3 Kg7 16. Ne3 f5 17. Bd3 Rab8 18. a4 a6 19. a5 Ng8 20. Qd2 Qd8 21. Neg2 Bh7 22.
Nf4 Nf6 23. Nhg2 Re8 24. Re2 Kh8 25. f3 Rc8 26. Bc2 Bc7 27. Nd3 Kg7 28. b4 Bd6
29. Nc5 Qc7 30. Rae1 Nd7 31. Ba4 Bxc5 32. dxc5 1-0

[Event "Graz Open A 2019"]
[Site "Graz AUT"]
[Date "2019.02.17"]
[Round "1.2"]
[White "Chetverik, Maxim"]
[Black "Turov, Maxim"]
[Result "0-1"]
[WhiteTitle "IM"]
[BlackTitle "GM"]
[WhiteElo "2208"]
[BlackElo "2585"]
[WhiteFideId "4106784"]
[BlackFideId "4120086"]
[EventDate "2019.02.17"]

1. d4 Nf6 2. c4 g6 3. Nf3 Bg7 4. g3 O-O 5. Bg2 d5 6. cxd5 Nxd5 7. O-O Nb6 8. Nc3
Nc6 9. e3 Re8 10. d5 Na5 11. Nd4 Bd7 12. e4 c6 13. Bf4 cxd5 14. exd5 Nac4 15. b3
Nd6 16. Rc1 Rc8 17. Qd2 Na8 18. Nce2 Nc7 19. Rc2 Ncb5 20. Rfc1 Rxc2 21. Rxc2 Bg4
22. h3 Nxd4 23. Nxd4 Bd7 24. Be3 a6 25. Kh2 Qb8 26. Bg5 Rc8 27. Rxc8+ Nxc8 28.
Nc6 Qd6 29. Na5 Qc7 30. d6 Nxd6 31. Bxe7 Nf5 32. Bb4 b5 33. Qd5 Bd4 34. Be1 Kg7
35. Nc6 Bf6 36. Ba5 Qc8 37. Bd2 h5 38. f4 Be6 39. Qd3 Bd7 40. Nb4 Be6 41. Nd5
Bxd5 42. Bxd5 Qc5 43. Kg2 Qa3 44. g4 hxg4 45. hxg4 Ne7 46. g5 Bb2 47. Be4 Qxa2
48. Qc2 Qa3 49. Qc7 Bd4 50. b4 Qa2 51. Qc2 Qe6 52. Kg3 Nf5+ 53. Bxf5 Qxf5 54.
Qxf5 gxf5 55. Kf3 Kf8 56. Ke2 Ke7 57. Kd3 Bb6 58. Bc3 Ke6 59. Ke2 Kd5 60. Kd3
Bc7 0-1

[Event "Graz Open A 2019"]
[Site "Graz AUT"]
[Date "2019.02.17"]
[Round "1.3"]
[White "Christiansen, Johan-Sebastian"]
[Black "Milikow, Yoav"]
[Result "1-0"]
[WhiteTitle "GM"]
[BlackTitle "CM"]
[WhiteElo "2559"]
[BlackElo "2206"]
[WhiteFideId "1512668"]
[BlackFideId "2822237"]
[EventDate "2019.02.17"]

1. e4 e6 2. d4 d5 3. Nc3 Bb4 4. e5 c5 5. a3 Ba5 6. b4 cxd4 7. Nb5 Bc7 8. f4 Bd7
9. Nxc7+ Qxc7 10. Nf3 Ba4 11. Bd3 Nc6 12. O-O a6 13. Bb2 Nge7 14. Nxd4 Nxd4 15.
Bxd4 Bb5 16. a4 Bxd3 17. cxd3 Rc8 18. a5 Nf5 19. Bb6 Qd7 20. g4 Ne7 21. Qf3 h5
22. h3 hxg4 23. hxg4 Ng6 24. Bc5 Qd8 25. Qg3 Qh4 26. Kg2 Kd7 27. Rac1 Qh6 28.
Be3 Rxc1 29. Bxc1 Rc8 30. Be3 Rc2+ 31. Rf2 Rxf2+ 32. Qxf2 Qh4 33. Qe2 f6 34.
exf6 Qxf6 35. Qf2 Ne7 36. Bd4 Qg6 37. Qf3 Qh6 38. Qg3 Qg6 39. Bc3 Nc6 40. Qf3
Ne7 41. Qe2 Qh6 42. Qe3 Qh4 43. Qf3 Qh7 44. Kf1 Qg6 45. Ke2 Qh7 46. Kd1 g6 47.
Kc1 Nc6 48. Kb1 Qf7 49. Qe3 Kc8 50. Kb2 Qe7 51. Qb6 Qd6 52. Bd2 Qc7 53. Qc5 Qe7
54. Qc3 Kd7 55. Kb1 Qf8 56. Qb2 Na7 57. Qd4 Nb5 58. Qe5 Na7 59. Qg5 Qf7 60. Qh6
Nb5 61. Qh8 Qe7 62. Qg8 Qf6 63. Qh7+ Kc6 64. Qg8 Kd7 65. Qb8 Kc6 66. Qc8+ Nc7
67. Kc2 Qf7 68. Qd8 Qe8 69. Qf6 Kd7 70. Be3 Qe7 71. Qxg6 Qxb4 72. f5 d4 73. Qg7+
Kc6 74. Bxd4 Nb5 75. Bb2 Qa4+ 76. Kd2 Qf4+ 77. Ke2 exf5 78. Qf6+ Nd6 79. g5 Qh2+
80. Kd1 Qg1+ 81. Kc2 Qg2+ 82. Kc3 Qg1 83. g6 Qe1+ 84. Kb3 Qd1+ 85. Kb4 Qxd3 86.
g7 Qc4+ 87. Ka3 Kd7 88. Qd4 Qe6 89. Bc3 Ke8 90. g8=Q+ Qxg8 91. Qxd6 Qf8 92.
Qxf8+ Kxf8 93. Kb4 f4 94. Kc5 f3 95. Bd4 Ke7 96. Kb6 Kd6 97. Kxb7 Kd7 98. Bf2
Kd8 99. Kxa6 Kc8 100. Ka7 Kc7 101. a6 Kc8 102. Bg3 f2 103. Bxf2 Kc7 104. Bg3+
Kc8 105. Bf4 1-0

[Event "Graz Open A 2019"]
[Site "Graz AUT"]
[Date "2019.02.17"]
[Round "1.4"]
[White "Singer, Richard"]
[Black "Istratescu, Andrei"]
[Result "0-1"]
[WhiteTitle "FM"]
[BlackTitle "GM"]
[WhiteElo "2198"]
[BlackElo "2555"]
[WhiteFideId "1602810"]
[BlackFideId "1200372"]
[EventDate "2019.02.17"]

1. d4 d6 2. c4 e5 3. Nf3 e4 4. Ng5 f5 5. h4 Be7 6. Nc3 c6 7. e3 Nf6 8. Be2 O-O
9. Bd2 Na6 10. a3 Nc7 11. Qc2 d5 12. g3 h6 13. Nh3 Be6 14. Nf4 Bf7 15. b3 g5 16.
hxg5 hxg5 17. Nh3 Ne6 18. Na4 b6 19. Bb4 Kg7 20. O-O-O Rh8 21. Kb2 Rh6 0-1

[Event "Graz Open A 2019"]
[Site "Graz AUT"]
[Date "2019.02.17"]
[Round "1.5"]
[White "Sebenik, Matej"]
[Black "Krzywda, Andrzej"]
[Result "1-0"]
[WhiteTitle "GM"]
[BlackTitle "CM"]
[WhiteElo "2542"]
[BlackElo "2191"]
[WhiteFideId "14602296"]
[BlackFideId "1114565"]
[EventDate "2019.02.17"]

1. c4 Nf6 2. Nf3 e6 3. g3 b6 4. Bg2 Bb7 5. d4 c5 6. d5 exd5 7. Ng5 h6 8. Nh3 b5
9. O-O bxc4 10. Nf4 Qb6 11. Nxd5 Nxd5 12. Bxd5 Na6 13. Na3 Bxd5 14. Qxd5 Nc7 15.
Qe5+ Ne6 16. Nxc4 Qa6 17. b3 Be7 18. Bb2 O-O 19. Qd5 Rad8 20. e4 Rfe8 21. Rfd1
d6 22. Qd3 Bf8 23. f3 Qc8 24. Re1 Ng5 25. Rad1 Qc6 26. h4 Ne6 27. Ne3 Nc7 28.
Bc3 Re6 29. h5 Rde8 30. Kf2 Qb7 31. Re2 Qb6 32. Qc4 Be7 33. Qa4 Bf8 34. Ba5 Qb7
35. Bxc7 Qxc7 36. Rd5 Rb8 37. Rc2 Qb7 38. Rcd2 Qc7 39. Nc4 Rb4 40. Qa5 Qb8 41.
Qa6 Qc7 42. Kg2 Qb8 43. Qc6 Kh7 44. Rf5 Kg8 45. Qd5 Qc7 46. Qd3 Qb8 47. Rd5 Be7
48. Nxd6 a5 49. Nf5 Bf8 50. Rd8 Qb6 51. Qd5 Qb7 52. Qxb7 Rxb7 53. Rxf8+ Kxf8 54.
Rd8+ Re8 55. Rxe8+ Kxe8 56. Nd6+ 1-0

[Event "Graz Open A 2019"]
[Site "Graz AUT"]
[Date "2019.02.17"]
[Round "1.6"]
[White "Rebers, Eugene"]
[Black "Stefansson, Hannes"]
[Result "0-1"]
[WhiteTitle "FM"]
[BlackTitle "GM"]
[WhiteElo "2188"]
[BlackElo "2514"]
[WhiteFideId "1007556"]
[BlackFideId "2300087"]
[EventDate "2019.02.17"]

1. Nf3 Nf6 2. g3 b6 3. Bg2 Bb7 4. O-O g6 5. c4 Bg7 6. Nc3 O-O 7. d4 Ne4 8. Nxe4
Bxe4 9. Be3 d6 10. Qd2 Nd7 11. Bh6 c5 12. Bxg7 Kxg7 13. Ne1 Bxg2 14. Nxg2 Nf6
15. Rfd1 Qd7 16. dxc5 bxc5 17. Nf4 Rfb8 18. Qc3 Qb7 19. Rd2 e5 20. Rxd6 Qxb2 21.
Qxb2 Rxb2 22. Nd3 Rxe2 23. Re1 Rxa2 24. Rxe5 Rd2 25. Re3 Ng4 26. Re7 Rf8 27. Rd5
Nf6 28. Rd6 a5 29. Ra7 a4 30. Raa6 Ne4 31. Rd5 Rb8 32. Nxc5 Rxd5 33. Nxe4 Rd4
34. Nd6 Rb2 35. c5 Rc2 36. Nb7 Rdd2 0-1

[Event "Graz Open A 2019"]
[Site "Graz AUT"]
[Date "2019.02.17"]
[Round "1.7"]
[White "Gazik, Viktor"]
[Black "Pasti, Aron"]
[Result "1-0"]
[WhiteTitle "IM"]
[BlackTitle "CM"]
[WhiteElo "2512"]
[BlackElo "2185"]
[WhiteFideId "14928752"]
[BlackFideId "785857"]
[EventDate "2019.02.17"]

1. c4 e5 2. g3 Nf6 3. Bg2 d5 4. cxd5 Nxd5 5. Nf3 Nc6 6. O-O Be7 7. d4 e4 8. Ne5
f5 9. Nxc6 bxc6 10. Qa4 Qd6 11. Rd1 O-O 12. b3 Nb6 13. Qa5 Qd5 14. Qd2 Bb7 15.
Ba3 Bd6 16. Nc3 Qf7 17. Bc5 a5 18. Rac1 Rfd8 19. Qb2 Nd5 20. Nxd5 cxd5 21. Qd2
Qe6 22. Rc2 Rf8 23. Bh3 Qf6 24. Bxd6 Qxd6 25. Qf4 Qxf4 26. gxf4 c6 27. a4 Rab8
28. e3 Ba8 29. Rb1 Rb4 30. Rc5 Bb7 31. Rxa5 g6 32. Kf1 Rb8 33. Ke1 Kf7 34. Kd2
Ke6 35. Bf1 Bc8 36. Kc3 Bd7 37. Bb5 cxb5 38. Kxb4 bxa4+ 39. Kc3 Kd6 40. Rb2 Rc8+
41. Rc5 Rxc5+ 42. dxc5+ 1-0

[Event "Graz Open A 2019"]
[Site "Graz AUT"]
[Date "2019.02.17"]
[Round "1.8"]
[White "Wegerer, Fred"]
[Black "Diermair, Andreas"]
[Result "0-1"]
[WhiteTitle "FM"]
[BlackTitle "GM"]
[WhiteElo "2174"]
[BlackElo "2502"]
[WhiteFideId "1601113"]
[BlackFideId "1612468"]
[EventDate "2019.02.17"]

1. Nf3 Nf6 2. b3 c5 3. Bb2 Nc6 4. e3 g6 5. g4 h6 6. h3 d5 7. Bb5 Bd7 8. Be2 Bg7
9. c4 d4 10. exd4 cxd4 11. d3 e5 12. Nbd2 Qe7 13. a3 O-O 14. Qc2 Rac8 15. O-O-O
b5 16. Rde1 Be6 17. Kb1 Nd7 18. Rc1 a5 19. cxb5 Na7 20. Nc4 Nxb5 21. Nfd2 e4 22.
Nxe4 Bxc4 23. dxc4 Nxa3+ 24. Bxa3 Qxa3 25. Qa2 Qb4 26. Qa4 Qe7 27. Bf3 Ne5 28.
Bg2 Rb8 29. Ka2 Nd3 30. Rcd1 Nb4+ 31. Kb1 d3 32. Rd2 Rfe8 33. Rc1 Qe5 34. Bf3
Qf4 35. Bg2 Rxe4 36. Bxe4 0-1

[Event "Graz Open A 2019"]
[Site "Graz AUT"]
[Date "2019.02.17"]
[Round "1.9"]
[White "Sanal, Vahap"]
[Black "Bachler, Reinhard"]
[Result "1-0"]
[WhiteTitle "GM"]
[WhiteElo "2497"]
[BlackElo "2173"]
[WhiteFideId "6300545"]
[BlackFideId "1600273"]
[EventDate "2019.02.17"]

1. e4 c5 2. Nf3 d6 3. d4 cxd4 4. Nxd4 Nf6 5. Nc3 a6 6. Bg5 e6 7. f4 Nbd7 8. Qe2
h6 9. Bh4 Qa5 10. O-O-O Qh5 11. Qe1 g5 12. fxg5 hxg5 13. Bg3 Ne5 14. Be2 Qg6 15.
Nf3 Nfd7 16. Kb1 Be7 17. h3 b5 18. Rf1 Bb7 19. Bxe5 Nxe5 20. Nxe5 dxe5 21. Qf2
Bc8 22. Qb6 O-O 23. Qc7 Bf6 24. Bh5 Qxh5 25. Rxf6 b4 26. g4 Qxh3 27. Qxe5 bxc3
28. Qxg5+ Kh7 29. Rff1 f6 30. Qc5 Kg8 31. Rh1 Qf3 32. Rh8+ Kxh8 33. Qxf8+ Kh7
34. Qf7+ Kh6 35. g5+ Kxg5 36. Qg7+ Kh5 1-0

[Event "Graz Open A 2019"]
[Site "Graz AUT"]
[Date "2019.02.17"]
[Round "1.10"]
[White "Murko, David"]
[Black "Cvitan, Ognjen"]
[Result "0-1"]
[BlackTitle "GM"]
[WhiteElo "2168"]
[BlackElo "2496"]
[WhiteFideId "14613891"]
[BlackFideId "14500086"]
[EventDate "2019.02.17"]

1. e4 c5 2. Nf3 d6 3. d4 cxd4 4. Nxd4 Nf6 5. Nc3 g6 6. g3 Nc6 7. Nde2 Bg7 8. Bg2
O-O 9. a4 Rb8 10. h3 a6 11. O-O b5 12. axb5 axb5 13. Be3 b4 14. Nd5 Nd7 15. Rb1
Ba6 16. Re1 e6 17. Ndf4 Qc7 18. Nd4 Nxd4 19. Bxd4 Bxd4 20. Qxd4 Rfc8 21. Qd2 Rb6
22. Rbc1 Ne5 23. b3 Qc3 24. Qd1 Rbc6 25. Ra1 Bb5 26. Ra2 Ra6 27. Rxa6 Bxa6 28.
Re3 Qc5 29. Qd2 Rc6 30. Re1 Qc3 31. Qxc3 Rxc3 32. Ra1 Bb5 33. Ra8+ Kg7 34. Rb8
Rc5 35. Rb6 h6 36. Nd3 Bxd3 37. cxd3 Rc1+ 38. Kh2 Nxd3 39. Rxd6 Rc3 40. Kg1 Rxb3
41. Bf1 Nc5 42. Rd4 Rb1 43. Kg2 b3 44. Rb4 Re1 45. f3 Rc1 46. Kf2 Rc3 47. Be2
Nd3+ 48. Bxd3 Rxd3 49. Ke2 Rc3 50. h4 g5 51. hxg5 hxg5 52. g4 e5 53. Rb6 f6 54.
Rb7+ Kf8 55. Rb8+ Kf7 56. Rb5 Ke6 57. Rb6+ Ke7 58. Kf2 Kd7 59. Rxf6 Kc7 60. Rf7+
Kb6 0-1

[Event "Graz Open A 2019"]
[Site "Graz AUT"]
[Date "2019.02.17"]
[Round "1.11"]
[White "Goh, Wei Ming Kevin"]
[Black "Suta, Andraz"]
[Result "1/2-1/2"]
[WhiteTitle "IM"]
[WhiteElo "2477"]
[BlackElo "2168"]
[WhiteFideId "5800706"]
[BlackFideId "14613190"]
[EventDate "2019.02.17"]

1. e4 e5 2. Nf3 Nc6 3. Bc4 Bc5 4. O-O Nf6 5. d3 d6 6. c3 Bb6 7. Re1 h6 8. Nbd2
O-O 9. h3 Be6 10. Bxe6 fxe6 11. Nc4 Na5 12. Nxa5 Bxa5 13. d4 exd4 14. Nxd4 Qd7
15. e5 dxe5 16. Rxe5 Bb6 17. Be3 Rae8 18. Nxe6 Qd6 19. Bxb6 Qxe5 20. Nxf8 axb6
21. Nd7 Nxd7 22. Qxd7 Qe2 23. b4 Rf8 24. Rf1 Qc4 25. b5 Qxc3 26. Qd5+ Rf7 27.
Qxb7 Qc4 28. Qa6 Kh7 29. a4 Rf4 30. Qc8 Qc5 31. Qa8 Qc4 32. Qa7 Rf7 33. Qa8 Rf4
34. Qd8 Rd4 35. Qc8 Qxa4 36. Qf5+ Kh8 37. Kh2 Qb4 38. g3 Rd8 39. h4 Rf8 40. Qd5
Qb2 41. Kg2 Qe2 42. Qd7 Qe4+ 43. Kg1 Qe2 44. Qc6 Rf6 45. Qxc7 Qxb5 46. Ra1 Qc5
47. Ra8+ Kh7 48. Qxc5 bxc5 49. Rc8 Rf5 50. Kg2 h5 51. f3 Rd5 52. Kf2 g5 53. hxg5
Rxg5 54. f4 Rd5 55. Ke3 Kg7 56. Ke4 Rd4+ 57. Kf5 Rd3 58. Rc7+ Kg8 59. Rxc5 Rxg3
60. Kf6 Ra3 61. f5 Ra6+ 62. Kg5 Kf7 63. Rc7+ Kf8 64. Kxh5 Rb6 65. Kg5 Ra6 66.
Rd7 Rb6 67. Rd5 Kf7 68. Ra5 Rc6 69. Ra7+ Kf8 70. Kf4 Rb6 71. Ra5 Kf7 72. Ke5 Rh6
73. Rd5 Ra6 74. Rd7+ Kf8 75. Rb7 Rh6 76. Rd7 Ra6 77. Rd6 Rxd6 78. Kxd6 Kf7 79.
Ke5 Ke7 80. f6+ Kf7 81. Kf5 Kf8 82. f7 Kxf7 1/2-1/2

[Event "Graz Open A 2019"]
[Site "Graz AUT"]
[Date "2019.02.17"]
[Round "1.12"]
[White "Poormosavi, Seyed Kian"]
[Black "Loiseau, Quentin"]
[Result "0-1"]
[BlackTitle "IM"]
[WhiteElo "2161"]
[BlackElo "2452"]
[WhiteFideId "12585807"]
[BlackFideId "665274"]
[EventDate "2019.02.17"]

1. Nf3 d5 2. g3 g6 3. Bg2 Bg7 4. d4 c6 5. O-O Nh6 6. Nbd2 Nf5 7. e4 dxe4 8. Nxe4
Nxd4 9. Nxd4 Qxd4 10. Qxd4 Bxd4 11. Bh6 Bf5 12. Rfe1 Bxe4 13. Rxe4 Bb6 14. Bh3
e6 15. Rd1 Nd7 16. Bg5 Bd8 17. Be3 Be7 18. Kf1 a6 19. Ke2 O-O-O 20. Red4 f5 21.
f4 Rhe8 22. R4d2 e5 23. Kf2 Bc5 24. Bxc5 Nxc5 25. Rxd8+ Rxd8 26. Rxd8+ Kxd8 27.
Ke3 exf4+ 28. Kxf4 Ke7 29. Kg5 Ne4+ 30. Kh6 Nf2 31. Bf1 Ng4+ 32. Kxh7 Nxh2 33.
Be2 g5 34. Bd3 f4 35. Kg6 fxg3 36. Be4 g4 37. Bh1 Nf3 38. Kf5 g2 39. Bxg2 Nh4+
40. Kxg4 Nxg2 0-1

[Event "Graz Open A 2019"]
[Site "Graz AUT"]
[Date "2019.02.17"]
[Round "1.13"]
[White "Ankit, R. Rajpara"]
[Black "Srienz, Christian"]
[Result "1-0"]
[WhiteTitle "GM"]
[BlackTitle "FM"]
[WhiteElo "2451"]
[BlackElo "2165"]
[WhiteFideId "5023335"]
[BlackFideId "1603175"]
[EventDate "2019.02.17"]

1. d4 Nf6 2. c4 e6 3. Nf3 d5 4. Nc3 dxc4 5. e3 a6 6. Bxc4 c5 7. O-O Nc6 8. a3 b5
9. Bd3 Bb7 10. dxc5 Bxc5 11. b4 Bd6 12. Ne4 Nxe4 13. Bxe4 f5 14. Bc2 Qf6 15. Rb1
Rd8 16. Qe2 O-O 17. e4 f4 18. Bb2 e5 19. Bb3+ Kh8 20. Bd5 Nd4 21. Bxd4 Bxd5 22.
exd5 exd4 23. Rbd1 Rfe8 24. Qd3 Be5 25. Qe4 Qg6 26. Rfe1 Qxe4 27. Rxe4 Bf6 28.
Rxe8+ Rxe8 29. Kf1 Rd8 30. Ke2 Rxd5 31. Kd3 Kg8 32. Rc1 Rd6 33. Nd2 Rb6 34. Rc7
Kf8 35. Ne4 Be7 36. Kxd4 a5 37. Nc5 Rd6+ 38. Ke5 Rd2 39. Ne4 Rd8 40. Rb7 axb4
41. axb4 f3 42. g3 Bxb4 43. Rxb5 Bd2 44. Kf5 Kg8 45. Kg4 Rd3 46. Rb8+ Kf7 47.
Rb7+ Kg8 48. Nc5 Rd6 49. Kxf3 Rf6+ 50. Kg2 Bc3 51. Ne4 Rc6 52. h4 h6 53. h5 Ba1
54. Kf3 Re6 55. Ke3 Be5 56. f4 Ba1 57. Kf3 Bd4 58. Rd7 Bb2 59. Nd6 g6 60. hxg6
Rxg6 61. Nf5 Kh8 62. Nh4 Rg7 63. Rd6 Kh7 64. Rc6 Ba1 65. Rb6 Bd4 66. Ra6 Bb2 67.
Ra2 Bc3 68. Nf5 Rg6 69. Ra7+ Kh8 70. Ne7 Rg7 71. Ra8+ Kh7 72. Nd5 Bb2 73. Ra2
Bd4 74. Ke4 Ra7 75. Rc2 Ba1 76. Rc6 Rg7 77. Ra6 Bb2 78. Ra2 Rb7 79. Kf5 Bd4 80.
g4 Bb2 81. Ke6 Kg6 82. Ne7+ Kh7 83. Ra6 Bd4 84. f5 Kg7 85. Nd5 Rf7 86. Ra8 Bf6
87. Rc8 Bg5 88. Nc7 Re7+ 89. Kd5 Re1 90. Ne6+ Kf6 91. Nxg5 hxg5 92. Rc6+ Kf7 93.
Rg6 Rd1+ 94. Ke4 Ra1 95. Rxg5 Ra4+ 96. Kf3 Ra3+ 97. Kf4 Ra4+ 98. Kg3 Ra3+ 99.
Kh4 Ra6 100. Rh5 1-0

[Event "Graz Open A 2019"]
[Site "Graz AUT"]
[Date "2019.02.17"]
[Round "1.14"]
[White "Georgescu, Lena"]
[Black "Perske, Thore"]
[Result "0-1"]
[WhiteTitle "WFM"]
[BlackTitle "IM"]
[WhiteElo "2165"]
[BlackElo "2451"]
[WhiteFideId "1331973"]
[BlackFideId "12902195"]
[EventDate "2019.02.17"]

1. e4 e6 2. d4 d5 3. Nc3 Bb4 4. exd5 exd5 5. Bd3 Nf6 6. Ne2 O-O 7. O-O h6 8. h3
b6 9. a3 Be7 10. Ng3 c5 11. dxc5 bxc5 12. Bf4 Nc6 13. Qd2 c4 14. Bf5 d4 15. Nce4
Bxf5 16. Nxf6+ Bxf6 17. Nxf5 Qd5 18. Ne3 Qb5 19. Ng4 Bg5 20. Rfe1 Rfe8 21. Bxg5
Qxg5 22. Qxg5 hxg5 23. Rxe8+ Rxe8 24. Kf1 Rb8 25. Rb1 a5 26. Ke2 a4 27. Kd2 f6
28. Nh2 Kf7 29. Nf3 Ke6 30. Re1+ Kd5 31. Kc1 Ne5 32. Nxe5 fxe5 33. f3 g4 34.
hxg4 Rh8 35. Kd2 Rh2 36. Re2 g5 37. c3 d3 38. Rf2 e4 39. Ke3 exf3 40. Kxf3 Rh4
41. Rd2 Rh8 42. g3 Rh1 43. Rf2 Re1 44. Rh2 Ke6 45. Rh6+ Ke5 46. Rh2 Rc1 47. Ke3
Re1+ 48. Kf3 Kd5 49. Rf2 Rc1 50. Ke3 Rc2 51. Rf8 Re2+ 52. Kf3 Rxb2 53. Rd8+ Ke5
54. Re8+ Kf6 55. Rc8 Rb1 56. Ke3 Re1+ 57. Kd2 Re2+ 58. Kd1 Re4 59. Rc6+ Ke7 60.
Kd2 Rxg4 61. Rc7+ Kd6 62. Rc8 Kd5 63. Rd8+ Ke4 64. Re8+ Kf3 65. Rf8+ Kxg3 66.
Ra8 Kf3 0-1

[Event "Graz Open A 2019"]
[Site "Graz AUT"]
[Date "2019.02.17"]
[Round "1.15"]
[White "Haldorsen, Benjamin"]
[Black "Higatsberger, Michael"]
[Result "1-0"]
[WhiteTitle "IM"]
[WhiteElo "2450"]
[BlackElo "2164"]
[WhiteFideId "1512633"]
[BlackFideId "1602535"]
[EventDate "2019.02.17"]

1. e4 e6 2. d4 d5 3. Nc3 Nf6 4. e5 Nfd7 5. f4 c5 6. Nf3 Be7 7. Be3 b6 8. Qd2 O-O
9. Nd1 Nc6 10. c3 f5 11. Be2 a5 12. O-O Ba6 13. Bxa6 Rxa6 14. Bf2 b5 15. b3 cxd4
16. cxd4 Qa8 17. Ne3 a4 18. Nc2 Rc8 19. Qd3 Qb7 20. Rfc1 a3 21. Be1 b4 22. Bd2
Na7 23. Ne3 Rac6 24. Rxc6 Rxc6 25. Rc1 Rxc1+ 26. Bxc1 Qc6 27. Bd2 Nb8 28. Kf2
Na6 29. h3 Nb5 30. g4 g6 31. Ke2 Na7 32. Nc2 Kg7 33. gxf5 exf5 34. Kd1 Nb5 35.
h4 Nbc7 36. h5 Qb5 37. Nfe1 Qc6 38. hxg6 hxg6 39. Qe2 Ne6 40. Qe3 Qb6 41. Nd3
Nd8 42. Qf3 Qb5 43. Qe2 Nc6 44. Be3 Nc7 45. Kd2 Qb8 46. Qg2 Qh8 47. Bg1 Qh4 48.
Ne3 Nxd4 49. Nxd5 Nce6 50. Bf2 Nxb3+ 51. axb3 a2 52. Bxh4 a1=Q 53. Bf6+ 1-0

[Event "Graz Open A 2019"]
[Site "Graz AUT"]
[Date "2019.02.17"]
[Round "1.16"]
[White "Ng, Jen Sheng"]
[Black "Teclaf, Pawel"]
[Result "0-1"]
[WhiteTitle "CM"]
[BlackTitle "CM"]
[WhiteElo "2153"]
[BlackElo "2450"]
[WhiteFideId "5708478"]
[BlackFideId "1185934"]
[EventDate "2019.02.17"]

1. e4 c5 2. Nf3 d6 3. d4 cxd4 4. Nxd4 Nf6 5. Nc3 a6 6. Bc4 e6 7. Bb3 Be7 8. O-O
O-O 9. f4 b5 10. Qf3 Bb7 11. f5 e5 12. Nde2 Nbd7 13. Be3 Rc8 14. g4 b4 15. g5
bxc3 16. gxf6 Nxf6 17. Nxc3 Rxc3 18. bxc3 Nxe4 19. Qg4 Qa8 20. h3 d5 21. Bh6 Bf6
22. Bxg7 Bxg7 23. f6 Nxf6 24. Rxf6 Kh8 25. Rf3 Qa7+ 26. Kh2 e4 27. Rff1 Bxc3 28.
Rad1 Qe3 29. Bxd5 Be5+ 30. Kh1 Rg8 31. Qh5 Qg3 0-1

[Event "Graz Open A 2019"]
[Site "Graz AUT"]
[Date "2019.02.17"]
[Round "1.17"]
[White "Markoja, Boris"]
[Black "Trippold, Denise"]
[Result "1-0"]
[WhiteTitle "IM"]
[BlackTitle "WFM"]
[WhiteElo "2440"]
[BlackElo "2153"]
[WhiteFideId "14608502"]
[BlackFideId "1625594"]
[EventDate "2019.02.17"]

1. d4 Nf6 2. c4 e6 3. g3 c5 4. d5 exd5 5. cxd5 d6 6. Nc3 g6 7. Bg2 Bg7 8. Nf3
O-O 9. O-O Re8 10. Bf4 Bf5 11. Nh4 Bg4 12. Qd2 Nh5 13. Bg5 Qa5 14. e4 Be5 15.
Rfe1 Na6 16. h3 Bd7 17. Nf3 f6 18. Nxe5 fxe5 19. g4 Ng7 20. f4 c4 21. Kh2 Qc7
22. fxe5 Rxe5 23. Bf6 Rae8 24. Rf1 Nc5 25. Bxe5 dxe5 26. d6 Qd8 27. Nd5 Kh8 28.
Qh6 Nce6 29. Rf7 Kg8 30. Raf1 1-0

[Event "Graz Open A 2019"]
[Site "Graz AUT"]
[Date "2019.02.17"]
[Round "1.18"]
[White "Poysti, Nathanael"]
[Black "Xiang, Zeyu"]
[Result "0-1"]
[BlackTitle "IM"]
[WhiteElo "2172"]
[BlackElo "2436"]
[WhiteFideId "24622133"]
[BlackFideId "8608547"]
[EventDate "2019.02.17"]

1. Nf3 d5 2. e3 Nf6 3. c4 g6 4. d4 Bg7 5. cxd5 O-O 6. Be2 Nxd5 7. e4 Nb6 8. O-O
Bg4 9. Nbd2 e5 10. Nxe5 Bxe2 11. Qxe2 Qxd4 12. Ndf3 Qb4 13. a3 Qe7 14. Bf4 Re8
15. Rfe1 Na6 16. Rac1 Nc5 17. Qb5 Ne6 18. Bg3 c6 19. Qa5 Ng5 20. Nxg5 Bxe5 21.
Qxe5 Qxe5 22. Bxe5 Rxe5 23. f4 Rb5 24. Rc2 h6 25. Nf3 Rd8 26. Ree2 Kf8 27. Kf2
a5 28. Red2 Rxd2+ 29. Nxd2 a4 30. Ke3 Ke7 31. Kd4 Nd7 32. g3 Nf8 33. Kc4 Ne6 34.
b4 axb3 35. Nxb3 g5 36. Rf2 gxf4 37. gxf4 Rh5 38. f5 Ng5 39. e5 Rh4+ 40. Kd3 Ra4
41. f6+ Ke8 42. Ra2 b6 43. Nd4 Kd7 44. h4 c5 45. hxg5 Rxd4+ 46. Ke3 hxg5 47. Rb2
Ke6 48. Rxb6+ Kxe5 49. Rc6 Ra4 50. Kf3 Kf5 51. Rxc5+ Kxf6 52. Rc6+ Kf5 53. Rc5+
Kg6 54. Rc3 g4+ 55. Kg3 Kg5 56. Rb3 f5 57. Kg2 Rc4 58. Kf2 Rc2+ 59. Ke3 f4+ 60.
Kd3 Ra2 0-1

[Event "Graz Open A 2019"]
[Site "Graz AUT"]
[Date "2019.02.17"]
[Round "1.20"]
[White "Lahav, Michal"]
[Black "Drnovsek, Gal"]
[Result "1-0"]
[WhiteTitle "WFM"]
[BlackTitle "IM"]
[WhiteElo "2126"]
[BlackElo "2421"]
[WhiteFideId "2813742"]
[BlackFideId "14607077"]
[EventDate "2019.02.17"]

1. e4 c5 2. Nf3 d6 3. Bb5+ Nd7 4. O-O a6 5. Bd3 Ngf6 6. c3 e6 7. Bc2 b5 8. d4
Bb7 9. Qe2 Be7 10. Bf4 O-O 11. h3 Rc8 12. Rc1 Qb6 13. Nbd2 Rfd8 14. a4 cxd4 15.
cxd4 Nf8 16. Be3 bxa4 17. Nc4 Qb5 18. e5 Bxf3 19. Qxf3 dxe5 20. Nxe5 Qxb2 21.
Nc6 Re8 22. Bxa4 Qb7 23. Rab1 Qd7 24. Nxe7+ Qxe7 25. Bxe8 Qxe8 26. Qb7 Rxc1+ 27.
Rxc1 Qb5 28. Qa8 h6 29. Bf4 Qd5 30. Qxa6 Ng6 31. Be3 Nh4 32. Rc8+ Kh7 33. Qd3+
Ng6 34. Rc7 Nd7 35. h4 Ne5 36. Qc2 Ng4 37. Rc5 Qd6 38. h5 Qh2+ 39. Kf1 Nxe3+ 40.
fxe3 Qh1+ 41. Kf2 Qh4+ 42. Ke2 Qg4+ 43. Kf1 1-0

[Event "Graz Open A 2019"]
[Site "Graz AUT"]
[Date "2019.02.17"]
[Round "1.23"]
[White "Drazic, Sinisa"]
[Black "Ehs, Dominik"]
[Result "1-0"]
[WhiteTitle "GM"]
[WhiteElo "2408"]
[BlackElo "2118"]
[WhiteFideId "901172"]
[BlackFideId "1617770"]
[EventDate "2019.02.17"]

1. c4 Nf6 2. Nc3 g6 3. e4 d6 4. d4 Bg7 5. Nf3 O-O 6. h3 e5 7. d5 a5 8. g4 Nfd7
9. Be3 Na6 10. Be2 Ndc5 11. Rg1 Kh8 12. Qd2 f5 13. gxf5 gxf5 14. O-O-O f4 15.
Bxc5 Nxc5 16. h4 Bd7 17. h5 Bh6 18. Ne1 Qf6 19. Bf3 b6 20. Kc2 Rg8 21. Nd3 Nxd3
22. Qxd3 Rg5 23. Nb5 Rc8 24. Kb3 Bf8 25. Qb1 Be7 26. Rxg5 Qxg5 27. Rg1 Qh4 28.
Qf1 Bxb5 29. cxb5 Rg8 30. Rh1 Qf6 31. Qh3 Bd8 32. h6 Qg6 33. a3 Qe8 34. Kc4 Bg5
35. Bg4 Qg6 36. Bf5 Qf6 37. Qh5 Qe7 38. Kd3 Qe8 39. Qxe8 Rxe8 40. Ke2 Rf8 41.
Kf3 Bd8 42. Be6 Rf6 43. Bf5 Rf8 44. b4 axb4 45. axb4 Bg5 46. Kg4 Rg8 47. Kf3 Ra8
48. Be6 Ra2 49. Rh5 Ra3+ 50. Kg4 Be7 51. Rf5 Ra8 52. Rf7 Bf8 53. Kh5 1-0